| 000 -LEADER |
| fixed length control field |
00371nam a22001217a 4500 |
| 008 - FIXED-LENGTH DATA ELEMENTS--GENERAL INFORMATION |
| fixed length control field |
200805b ||||| |||| 00| 0 eng d |
| 020 ## - INTERNATIONAL STANDARD BOOK NUMBER |
| International Standard Book Number |
9781559638654 |
| 082 ## - DEWEY DECIMAL CLASSIFICATION NUMBER |
| Classification number |
333.9516 |
| Item number |
DUE |
| 100 ## - MAIN ENTRY--PERSONAL NAME |
| Personal name |
Duerksen, Christopher J., ; Snyder, Cara |
| Dates associated with a name |
1948- |
| 245 ## - TITLE STATEMENT |
| Title |
Nature-friendly communities : habitat protection and land use |
| 260 ## - PUBLICATION, DISTRIBUTION, ETC. (IMPRINT) |
| Place of publication, distribution, etc |
London |
| Name of publisher, distributor, etc |
Iland Press |
| Date of publication, distribution, etc |
2005 |
| 942 ## - ADDED ENTRY ELEMENTS (KOHA) |
| Source of classification or shelving scheme |
|